000 00482nam a2200181Ia 4500
008 100917s9999 xx 000 0 und d
082 _b14456
100 _aपंडित ब. म.
245 _aकरूण सुंदरी
260 _b---
_c1913
300 _a150
365 _b0.75
520 _aकादंबरी
630 _aकरूण सुंदरी
650 _aकादंबरी
730 _aकरूण सुंदरी
942 _cBOOK
999 _c619850
_d619847